000 00691nam a22002057a 4500
005 20250402160831.0
010 _aENG-144420
020 _a9789384354350
_c 1200.00
035 _aEN-127952
037 _bDBAD
082 _a954.35
_21st
100 _aYazdani Ghulam
_980143
245 _aHyderabad...Down Memory Lane;
_cGhulam Yazdani
_hEnglish
_bAnecdotes Pleasantries Flashback Small Talk/
250 _a1st
260 _aHyderabad, Telangana
_c2015
_bDr. Zore Foundation
270 _a6-3-662,Block-2, Zore Complex, Somajiguad
_bHyderabad, Telangana
_mdinayazdani@hotmail.com
300 _a216.p
_c25cm. (Hb)
700 _980043
942 _2ddc
_cEN
_h954.35
_mYAZ
_e1
999 _c210685
_d210685